Testing for causality in mean and variance between the stock market and the foreign exchange market: an application to the major central and eastern european countries
Skúmanie existencie kauzálneho vzťahu medzi akciovým trhom a devízovým trhom v Českej republike, Maďarsku, Poľsku a Turecku.
Saved in:
| Main Author: | |
|---|---|
| Other Authors: | |
| Format: | Book Chapter |
| Language: | English |
| Subjects: | |
| Tags: |
No Tags, Be the first to tag this record!
|
MARC
| LEADER | 00000naa a2200000 4500 | ||
|---|---|---|---|
| 001 | 0174445 | ||
| 005 | 20231010120415.4 | ||
| 041 | 0 | |a eng | |
| 044 | |a CZ | ||
| 245 | 1 | 0 | |a Testing for causality in mean and variance between the stock market and the foreign exchange market: an application to the major central and eastern european countries |c Sinem Derindere Koseoglu, Smrah Ismail Cevik |
| 520 | |a Skúmanie existencie kauzálneho vzťahu medzi akciovým trhom a devízovým trhom v Českej republike, Maďarsku, Poľsku a Turecku. | ||
| 610 | 2 | 0 | |a trh akciový |
| 610 | 2 | 0 | |a trh devízový |
| 610 | 2 | 0 | |a Česko |
| 610 | 2 | 0 | |a Maďarsko |
| 610 | 2 | 0 | |a Poľsko |
| 610 | 2 | 0 | |a Turecko |
| 100 | 1 | |a Koseoglu, Sinem Derindere | |
| 700 | 1 | |a Cevik, Smrah Ismail | |